| 000 | 01561nam a2200325 a 4500 | ||
|---|---|---|---|
| 001 | 000012903 | ||
| 003 | DO-SdBNP | ||
| 005 | 20180322135634.0 | ||
| 007 | 000012903 | ||
| 008 | 091118s 2010 dr ac 000 0 spa d | ||
| 020 | _a9945400126 | ||
| 040 |
_aBPMSU _bspa _cBPMSU |
||
| 082 | 4 | _a373.61 | |
| 100 | 1 | _aSánchez, Olimpia | |
| 245 | 0 | 0 |
_aLengua III : _bsegundo ciclo educación media / _cOlimpia Sánchez, Juan Fco. Jáspez ; ilustraciones Ramón L. Sandoval. |
| 260 |
_aSanto Domingo : _bActualidad Escolar 2000, _c2010 |
||
| 300 |
_a260p. : _bil. ; _c29 cm. |
||
| 500 | _aLa Biblioteca posee la Guía metodológica del segundo ciclo educación media | ||
| 505 | 0 |
_gv. 3 : segundo ciclo _tDe lo que pasó un mozo que se casó con una mujer fuerte brava _t¿Cómo prevenir las causas que determinan una crisis económica? _tDespués de todo quizás seamos hermanos _tLa literatura ¿para qué? _tEl doctor zhivago _tRD pasará sin trauma el reto del libre comercio _tEl destino manifiesto _tAmérica _tLa soledad de América Latina _tLos tres que echaron a Pedro en el pozo _tComo si siempre les preocupara algo _tLa República entre yerros y complicidades |
|
| 650 |
_aGRAMÁTICA _xENSEÑANZA SECUNDARIA |
||
| 650 |
_aEDUCACIÓN SECUNDARIA _xREPÚBLICA DOMINICANA |
||
| 650 |
_aGRAMÁTICA _xLIBROS DE TEXTO |
||
| 650 | _aGRAMÁTICA | ||
| 651 | _xESTUDIOS Y EJERCICIOS | ||
| 700 | 1 | _aJáspez, Juan Fco. | |
| 700 | 1 | 2 |
_aSandoval, Ramón L. _eil. |
| 942 |
_2ddc _cBK |
||
| 945 | _ainventariado, 2018 / dg | ||
| 956 |
_aVMATEO _b10 _c20150813 _lBPMSU _h00151 |
||
| 999 |
_c9809 _d9809 |
||